000 00765nam a22002297a 4500
003 UA-OsUOA
001 81888
007 ta
008 20120209b un ||||| |||| 00| 0 ukr d
100 _aДяченко Б.І.
700 _aРошко С.М.
090 _a330(477)
_bД99
942 _cSA
040 _aUA-OsUOA
_bukr
_cUA-OsUOA
_dUA-OsUOA
245 _aВплив фінансової кризи на зовнішньоторговельну діяльність України та регіонів Українських Карпат
300 _aС.76-86
955 _a0
041 _aukr
080 _a330(477)
773 0 _w81882
_tРегіональна економіка
_dЛьвів
_d2011
_g4
650 7 _a330 Економіка взагалі
_2UDC
999 _c368198
_d368198